header

The finance of public libraries (Record no. 65564)

MARC details
000 -LEADER
fixed length control field 01082nam a2200277Ia 4500
245 04 - TITLE STATEMENT
Title The finance of public libraries
260 ## - PUBLICATION, DISTRIBUTION, ETC. (IMPRINT)
Place of publication Bradford, England :
Name of publisher Emerald Group Publishing,
Year of publication c2002.
300 ## - PHYSICAL DESCRIPTION
Number of Pages 47 p.
490 0# - SERIES STATEMENT
Series statement The bottom line ;
650 #0 - SUBJECT ADDED ENTRY--TOPICAL TERM
Topical Term Finance, Public.
Topical Term Library finance.
700 1# - ADDED ENTRY--PERSONAL NAME
Personal name Furlong, John T.
856 40 - ELECTRONIC LOCATION AND ACCESS
Uniform Resource Identifier http://site.ebrary.com/lib/rucke/Doc?id=10052695

No items available.

© 2026 Rongo University
Contact us: librarian | system librarian | Rongo university